000 00365cam a2200145ua 4500
041 _amal
_h
082 _a894.8124
_bRAD/SW
100 _aRadhakrishnan, S .
245 _aSwathanthriavum Samskaravum /
_cS.Radhakrishnan.
_hTextual Documents
260 _aCalicut :
_bP.K Brothers ,
_c1960.
300 _a221 ; .
504 _a
942 _cBK
999 _c1157
_d1157